The trial and death of Socrates : four dialogues (Record no. 7025)
[ view plain ]
| 000 -LEADER | |
|---|---|
| fixed length control field | 00670 a2200205 4500 |
| 020 ## - INTERNATIONAL STANDARD BOOK NUMBER | |
| International Standard Book Number | 0486270661 |
| 035 ## - SYSTEM CONTROL NUMBER | |
| System control number | (OCoLC)ocm24215627 |
| 040 ## - CATALOGING SOURCE | |
| Original cataloging agency | DLC |
| Language of cataloging | DLC |
| 082 00 - DEWEY DECIMAL CLASSIFICATION NUMBER | |
| Classification number | 184 |
| 100 0# - MAIN ENTRY--PERSONAL NAME | |
| Personal name | Plato. |
| 245 14 - TITLE STATEMENT | |
| Title | The trial and death of Socrates : four dialogues |
| Remainder of title | four dialogues |
| Statement of responsibility, etc. | Plato. |
| 260 ## - PUBLICATION, DISTRIBUTION, ETC. | |
| Place of publication, distribution, etc. | New York : |
| Name of publisher, distributor, etc. | Dover Publications, |
| Date of publication, distribution, etc. | 1992. |
| 300 ## - PHYSICAL DESCRIPTION | |
| Extent | vii, 115 p. ; |
| Dimensions | 21 cm. |
| 440 #0 - SERIES STATEMENT/ADDED ENTRY--TITLE | |
| Title | Dover thrift editions |
| 500 ## - GENERAL NOTE | |
| General note | Translated from the Greek by Benjamin Jowett. |
| 600 00 - SUBJECT ADDED ENTRY--PERSONAL NAME | |
| Personal name | Socrates. |
| 700 1# - ADDED ENTRY--PERSONAL NAME | |
| Personal name | Jowett, Benjamin, |
| Dates associated with a name | 1817-1893. |
| 856 42 - ELECTRONIC LOCATION AND ACCESS | |
| Materials specified | Publisher description |
| Uniform Resource Identifier | <a href="http://www.loc.gov/catdir/description/dover031/91029825.html">http://www.loc.gov/catdir/description/dover031/91029825.html</a> |
| 942 ## - ADDED ENTRY ELEMENTS (KOHA) | |
| Koha item type | Book |
| Call number prefix | 184 PLA |
| Source of classification or shelving scheme | |
| Withdrawn status | Lost status | Damaged status | Not for loan | Collection code | Permanent Location | Current Location | Shelving location | Date acquired | Source of acquisition | Cost, normal purchase price | Total Checkouts | Total Renewals | Full call number | Barcode | Checked out | Date last seen | Date last checked out | Price effective from | Koha item type |
|---|---|---|---|---|---|---|---|---|---|---|---|---|---|---|---|---|---|---|---|
| Central Library (CL) | Central Library (CL) | General Stacks | 10/16/2006 | Progressive International Agencies | 129.11 | 7 | 4 | 184 PLA | SEECS007636 | 06/03/2026 | 05/04/2026 | 05/04/2026 | 01/05/2017 | Book |
